Guess The Drink! #2 - Statistics

General Stats
  • This quiz has been taken 33 times
  • The average score is 19 of 38
Answer Stats
Picture Answer % Correct
Absolut
79%
Bacardi
79%
Evian
75%
Folgers
75%
Finlandia
71%
Tsingtao
71%
Afri Cola
68%
Bushmills
68%
Malibu
68%
Maxwell House
64%
Pepto Bismol
64%
Coors
61%
Dom Perignon
61%
Fosters
61%
Milka
61%
Blue Moon
57%
Captain Morgan
57%
Carlsberg
50%
Becks
46%
Havana Club
46%
Kahlua
46%
Pabst Blue Ribbon
46%
Skyy
46%
Johnny Walker
43%
Miller
43%
Stella Artois
43%
Grey Goose
39%
Orangina
39%
Amstel
36%
Grants
36%
Smirnoff
36%
Dilmah
29%
Gordons
25%
Aquarius
21%
Grolsch
21%
Cohiba
18%
Jaggermeister
18%
Beefeater
14%
No matching quizzes found
Score Distribution
Percent of People with Each Score
Percentile by Number Answered
Your Score History
You have not taken this quiz